000 00361cam a2200145ua 4500
003 OSt
008 250108b |||||||| |||| 00| 0 eng d
041 _aeng
082 _a621.384
_bMAR/BA
100 _aMarvin, Tepper .
_96869
245 _aBasic radio, vol -1 /
260 _a :
_bTaraporevala sons and co. pvt ltd ,
_c1968.
300 _a138 ; .
942 _cBK
999 _c3146
_d3146